Giới và dự án phát triển
Salvato in:
| Autore principale: | |
|---|---|
| Natura: | Libro |
| Lingua: | Undetermined |
| Pubblicazione: |
Thành phố Hồ Chí Minh
Nhà xuất bản Thành phố Hồ Chí Minh
2001
|
| Soggetti: | |
| Tags: |
Aggiungi Tag
Nessun Tag, puoi essere il primo ad aggiungerne! !
|
| Thư viện lưu trữ: | Trung tâm Học liệu Trường Đại học Cần Thơ |
|---|
| LEADER | 00591nam a2200181Ia 4500 | ||
|---|---|---|---|
| 001 | CTU_124634 | ||
| 008 | 210402s9999 xx 000 0 und d | ||
| 082 | |a 305.3 | ||
| 082 | |b Ngh300 | ||
| 100 | |a Lê, Thị Chiêu Nghi | ||
| 245 | 0 | |a Giới và dự án phát triển | |
| 245 | 0 | |c Lê Thị Chiêu Nghi | |
| 260 | |a Thành phố Hồ Chí Minh | ||
| 260 | |b Nhà xuất bản Thành phố Hồ Chí Minh | ||
| 260 | |c 2001 | ||
| 650 | |a Equality,Social justice,Gender identity | ||
| 904 | |i M.Loan | ||
| 980 | |a Trung tâm Học liệu Trường Đại học Cần Thơ | ||